000 00386nam a22001337a 4500
008 230327b |||||||| |||| 00| 0 eng d
020 _a0722068158.
050 _aBX4705.R669 B75 1989.
100 _aBrockman,R James
_952261
245 _aOskar Romero.
_bBishops and martyr
_cJames R. Brockman.
260 _aLondon:
_bSheed and Ward
300 _a241p;
_c22cm.
942 _2lcc
_cMONOGRAPH
999 _c131705
_d131705